000 00487nam a2200181Ia 4500
005 20250326124013.0
008 250326s9999 xx 000 0 und d
037 _aTextbook
040 _aFMSL
_beng
_cFMSL
041 _aeng
_2eng
084 _aX L0
_qFMSL
100 _aStreeten P
_9736589
245 0 _aUnfashionable economics
_cStreeten P
260 _aLondon
_bLondon, Weidenfeld and Nicolson
_c1970
300 _a379p
942 _cTB
_hX L0
999 _c1271849
_d1271849